Formování socialistického člověka a socialistického životního způsobu /
Uložené v:
| Hlavný autor: | |
|---|---|
| Médium: | Kniha |
| Jazyk: | Czech |
| Vydané: |
Praha :
Práce,
1983
|
| Vydanie: | 1. vyd. |
| Edícia: | Záře
Příruční knihovna ROH |
| ISBN: |
(brož.) |
| Fyzický popis: |
146 s. ; 21 cm. |
| Tagy: |
Pridať tag
Žiadne tagy, Buďte prvý kto otaguje tento záznam!
|
Titul je dostupný aj v ... 

MARC
| LEADER | 00000nam a2200000 a 4500 | ||
|---|---|---|---|
| 001 | 000112607 | ||
| 005 | 20091124220014.0 | ||
| 008 | 830525s1983 xr 000 cze d | ||
| 020 | |a (brož.) | ||
| 040 | |a SVKKK |b slo |c SVKKK |e AACR2 | ||
| 041 | 0 | |a cze | |
| 044 | |a xr |c CZ | ||
| 100 | 1 | |a Kučera, Jaroslav |4 aut | |
| 245 | 1 | 0 | |a Formování socialistického člověka a socialistického životního způsobu / |c Jaroslav Kučera. |
| 250 | |a 1. vyd. | ||
| 260 | |a Praha : |b Práce, |c 1983 |f (Mír 62) | ||
| 300 | |a 146 s. ; |c 21 cm. | ||
| 366 | |e 4000 výt. | ||
| 490 | 1 | |a Záře | |
| 490 | 1 | |a Příruční knihovna ROH | |
| 504 | |a Obsahuje bibliografiu a bibliografické odkazy | ||
| 910 | |a svkkk | ||
| 998 | |a BK | ||
| 090 | |g SCKHL |k Sklad Pribinova 2. posch. |a II.285975 |j 682029 |i 112607-10 |s Absenčne | ||
| 090 | |g SCKHL |k Sklad Pribinova 2. posch. |a II.285976 |j 682030 |i 112607-20 |s Absenčne | ||
| 090 | |g SCKHL |k Sklad Pribinova 2. posch. |a II.285977 |j 682031 |i 112607-30 |s Absenčne | ||